Apéndice II a los temas modificados del nuevo programa para notarías determinadas (Record no. 81213)
[ view plain ]
| 000 -LEADER | |
|---|---|
| campo de control de longitud fija | 01030nam a2200193 i 4500 |
| 001 - NÚMERO DE CONTROL | |
| campo de control | 81213 |
| 003 - IDENTIFICADOR DE NÚMERO DE CONTROL | |
| campo de control | ES-MaACL |
| 005 - FECHA Y HORA DE LA ÚLTIMA TRANSACCIÓN | |
| campo de control | 20230906174406.0 |
| 007 - CAMPO FIJO DE DESCRIPCIÓN FÍSICA--INFORMACIÓN GENERAL | |
| campo de control de longitud fija | t| |
| 008 - DATOS DE LONGITUD FIJA--INFORMACIÓN GENERAL | |
| campo de control de longitud fija | 180214s1926 sp ||||1| spa d |
| 245 00 - MENCIÓN DEL TÍTULO | |
| Título | Apéndice II a los temas modificados del nuevo programa para notarías determinadas |
| Resto del título | : autorizado por Real orden de 19 de junio de 1926 (materias de hipotecaria, derechos reales y tiembre, internacional, administrativo, mercantil y procedimientos judiciales). |
| 260 ## - PUBLICACIÓN, DISTRIBUCIÓN, ETC. | |
| Lugar de publicación, distribución, etc. | Madrid : |
| Nombre del editor, distribuidor, etc. | Reus, |
| Fecha de publicación, distribución, etc. | 1926. |
| 300 ## - DESCRIPCIÓN FÍSICA | |
| Extensión | 39, 64, 48, 20 p. ; |
| Dimensiones | 23 cm. |
| 490 1# - MENCIÓN DE SERIE | |
| Mención de serie | Biblioteca de oposiciones. Contestaciones Reus |
| 505 8# - NOTA DE CONTENIDO CON FORMATO | |
| Nota de contenido con formato | Contiene: Legislación hipotecaria / por Fernando Campuzano Horma -- Legislación del impuesto de derechos reales y del timbre del estado / por Jesús Marañón -- Derecho internacional privado / por José Ramón de Orúe -- Derecho mercantil / por Emilio Miñana |
| 830 0# - PUNTO DE ACCESO ADICIONAL DE SERIE-TÍTULO UNIFORME | |
| Título uniforme | Biblioteca de oposiciones. Contestaciones Reus |
| 9 (RLIN) | 184627 |
| 852 ## - LOCALIZACIÓN | |
| Ubicación | ES-MaACL |
| Número de control de estantería | A-598 |
| Estatus retirado | Estado de pérdida | Estado de daño | No para préstamo | Biblioteca de origen | Biblioteca actual | Ubicación en estantería | Fecha de adquisición | Fuente de adquisición | Total de préstamos | Signatura topográfica completa | Código de barras | Visto por última vez | Precio de reemplazo | Tipo de ítem Koha |
|---|---|---|---|---|---|---|---|---|---|---|---|---|---|---|
| Biblioteca del Ateneo de Madrid | Biblioteca del Ateneo de Madrid | Sala Pecera Planta 1 | 14/02/2018 | A-598 | 1198362 | 23/02/2023 | 23/02/2023 | Libro impreso |
